000 00623nam a22002417a 4500
001 86466
003 UA-OsUOA
005 20211108213453.0
007 ta
008 20120904b un ||||| |||| 00| 0 ukr d
020 _a5-85255-122-8
040 _aUA-OsUOA
_brus
_cUA-OsUOA
_dUA-OsUOA
041 _arus
080 _a94(470+571)
090 _a94(470+571)
_bО-56
100 _aОльденбург С. С.
245 _aЦарствование Императора Николая ІІ
260 _aМ.
_bТерра
_c1992
300 _a640 с.
650 7 _a94 Історія
_2UDC
942 _cBK
_2udc
955 _a1
999 _c373277
_d373277